The math book: (Record no. 47885)
| 000 -LEADER | |
|---|---|
| fixed length control field | 00281nam a2200097 4500 |
| 020 ## - INTERNATIONAL STANDARD BOOK NUMBER | |
| International Standard Book Number | 978074436671 |
| 245 ## - TITLE STATEMENT | |
| Title | The math book: |
| Remainder of title | big ideas simply explained / |
| Statement of responsibility, etc | Karl Warsi and others. |
| 300 ## - PHYSICAL DESCRIPTION | |
| Extent | 255 p. |
| Other physical details | col. ill. |
| Dimensions | 18 cm. |
| 650 ## - SUBJECT ADDED ENTRY--TOPICAL TERM | |
| Topical term or geographic name as entry element | Mathematics. |
| 9 (RLIN) | 34241 |
| 942 ## - ADDED ENTRY ELEMENTS (KOHA) | |
| Source of classification or shelving scheme | |
| Koha item type | NON FIC SECTION |
| Withdrawn status | Lost status | Source of classification or shelving scheme | Damaged status | Not for loan | Collection code | Home library | Current library | Date acquired | Total Checkouts | Full call number | Barcode | Date last seen | Date checked out | Price effective from | Koha item type |
|---|---|---|---|---|---|---|---|---|---|---|---|---|---|---|---|
| Non-Fiction | Asian Hope Secondary Library | Asian Hope Secondary Library | 11/20/2024 | 5 | 510 DAV | 206641 | 04/07/2026 | 03/31/2026 | 11/20/2024 | NON FIC SECTION |